000 00825nam a2200229Ii 4500
003 JO-AjNU
008 230605s9999||||xx |||||||||||||| ||und||
017 _a1996/11/1572
020 _a9957-16-359-4
040 _aJO-AjNU
_bara
_erda
_cJO-AjNU
041 _aara
050 1 4 _aKMM188.5.U42.2010
100 3 _a العكيلي ، عزيز ,
_eauthor
_925528
245 0 0 _aالوسيط في شرح القانون التجاري : أحكام الإفلاس والصلح الواقي " دراسة مقارنة "، الجزء الثالث
250 _aط1
264 3 1 _aعمان : دار الثقافة ،2008
300 _aج3، 408ص
336 _atext
_btxt
_2rdacontent
337 _aunmediated
_bn
_2rdamedia
338 _avolume
_bnc
_2rdacarrier
650 4 _aالقانون التجاري -- الإقلاس
_925529
999 _aA9559
_c13127
_d13127